000 00758nam a2200217Ii 4500
003 JO-AjNU
008 230605s9999||||xx |||||||||||||| ||und||
017 _a1998/1/125
040 _aJO-AjNU
_bara
_erda
_cJO-AjNU
041 _aara
050 1 4 _aHD37.A7.S22 1998
100 3 _aياسين، سعد غالب,
_eauthor
_957123
245 0 0 _aالادارة الاستراتيجية
250 _aط1
264 3 1 _aعمان: دار اليازوري العلمية، 1998
300 _a216ص
_bيحتوي على ملاحق والمراجع من ص 203-216ص
336 _atext
_btxt
_2rdacontent
337 _aunmediated
_bn
_2rdamedia
338 _avolume
_bnc
_2rdacarrier
650 4 _aالادارة العامة - ادارة استراتيجية
_957124
999 _aA25579
_c29147
_d29147